|
|
|
|
| LEADER |
00000nab a2200000 a 4500 |
| 001 |
vtls000733814 |
| 003 |
SK-MaSNL |
| 005 |
20260303183319.0 |
| 008 |
180205c2000 xo 0 slo |
| 015 |
|
|
|a SNBRB2000/10-28461
|
| 035 |
|
|
|a CLN000085920
|
| 040 |
|
|
|a SNKBUCL
|b slo
|c SNKBUCL
|e AACR2
|
| 041 |
0 |
|
|a slo
|
| 044 |
|
|
|a xo
|c SK
|
| 080 |
|
|
|a 329.3:28(437.6)KDH
|2 UDC-MRF-SK2
|
| 100 |
1 |
|
|a Bobula, Peter
|4 aut
|9 791018
|
| 245 |
1 |
0 |
|a Rok 1998
|n (43. časť)
|c Peter Bobula
|
| 300 |
|
|
|b Fotogr.
|
| 610 |
2 |
7 |
|a Kresťanskodemokratické hnutie (politická strana)
|2 SNKKA
|9 34649
|
| 648 |
|
7 |
|a 1998
|2 SNK
|9 282348
|
| 655 |
|
7 |
|a články z novín a časopisov
|2 snkbucl
|9 267496
|
| 773 |
0 |
|
|t Fakty
|g Roč. 7, č. 36 (2000), s. 29-30
|
| 850 |
|
|
|a Slovenská národná knižnica v Martine
|
| 852 |
|
|
|a SNK
|b KIS3GCP
|
| 958 |
|
|
|a RBX
|
| 999 |
|
|
|c 2120252
|d 2122182
|